000
00383nam a22001577a 4500
003
MPLRDC
005
20220104144450.0
008
210129b ||||| |||| 00| 0 eng d
082
_a
859.61 MYL
100
_a
马允伦编著
245
_a
古代名将的故事
_c
260
_a
_b
辽宁人民出版社
_c
1980
300
_b
平
650
_a
人物故事
942
_c
BK
_o
859.61 MYL
999
_c
49878
_d
49868